000 00760nam a2200169 a 4500
001 48356
005 20180714032635.0
008 140415s2005 sz 000 0 eng d
041 _aeng
082 _a614.5
_bCOM
245 0 0 _aCOMMUNICABLE DISEASE CONTROL IN EMERGENCIES :
_bA FIELD MANUAL
250 _a1a ed.
260 _aSUIZA :
_bWORLD HEALTH ORGANIZATION,
_c2005
300 _a159
_c15 x 1.6 x 22
520 _aESTE MANUAL ES PENSADO AYUDAR PROFESIONAL DE SALUD Y COORDINADORES SANITARIAS QUE TRABAJAN EN SITUACIONES DE EMERGENCIA PREVIENEN, DISCIERNEN Y CONTROLAN EL MAYOR DE LAS ENFERMEDADES TRANSMISIBLES ENCONTRADAS POR POBLACIONES
650 1 4 _aENFERMEDADES TRANSMISIBLES
_xENFERMEDADES TRANSMISIBLES
_xPREVENCION
_xURGENCIAS MEDICAS
999 _c48356
_d48356